Top 10 ballon d'or 2015. - Statistiques

Statistiques générales
  • Ce quiz a été pris 307 fois
  • Le résultat moyen est 8 sur 10
Statistiques - réponses
% Joueurs Clubs % Correct
27.8 Cristiano Ronaldo Real
100%
41.3 Lionel Messi Barca
100%
7.9 Neymar Barca
94%
3.4 Luis Suarez Barca
89%
1.2 Andres Iniesta Barca
86%
4.2 Robert Lewandowski Bayern
80%
2 Manuel Neuer Bayern
77%
2.2 Thomas muller Bayern
75%
1.3 Eden Hazard Chelsea
66%
1.2 Alexis Sanchez Arsenal
43%
Aucun quiz correspondant
Distribution des résultats
% des personnes avec chaque résultat
Percentile par nombre de réponses
Votre historique - résultats
Vous n’avez pas pris ce quiz